| 000 | 00740nam a2200181Ia 4500 | ||
|---|---|---|---|
| 008 | 151018s9999 xx 000 0 und d | ||
| 082 |
_bRBASDV29062 _a616.024 |
||
| 100 | _aधीरेन गाला | ||
| 245 | _aघरबसल्या इलाज लोहचुंबक चिकित्सा | ||
| 250 | _b1 | ||
| 260 |
_bनवनीत पब्लिकेशन मुंबई _c1997 |
||
| 300 | _a122 | ||
| 600 | _aधीरेन गाला | ||
| 630 | _aघरबसल्या इलाज लोहचुंबक चिकित्सा | ||
| 700 | _aधीरेन गाला | ||
| 730 | _aघरबसल्या इलाज लोहचुंबक चिकित्सा | ||
| 942 | _cBOOK | ||
| 999 |
_c1028628 _d1028625 |
||